| 000 | 00659nam a22002175i 4500 | ||
|---|---|---|---|
| 001 | 173726 | ||
| 003 | ES-MaACL | ||
| 005 | 20240202063021.0 | ||
| 008 | 100113s2009 sp |||| | spa d | ||
| 020 | _a978-84-92519-54-5 | ||
| 080 | _a821.134.2-32"19" | ||
| 100 | 1 |
_aGarcía-Herraiz Pérez, Enrique, _d1927- _9235001 |
|
| 245 | 1 | 0 |
_aHistorias para leer en el AVE / _cEnrique García-Herráiz. |
| 250 | _a1ª ed. | ||
| 260 |
_a[Madrid] : _bCultiva, _c2009. |
||
| 300 |
_a154 p. ; _c21 cm. |
||
| 490 | 1 |
_aColección cultiva ; _v25 |
|
| 830 | 0 |
_aColección cultiva ; _v25 _9191698 |
|
| 852 |
_aES-MaACL _jL-8719 |
||
| 999 |
_c173726 _d173726 |
||